| 000 | 00503nam a2200181Ia 4500 | ||
|---|---|---|---|
| 001 | 2617 | ||
| 005 | 20260306144820.0 | ||
| 008 | 260306t2006||||xx |||||||||||||| ||spa|| | ||
| 041 | _aESP | ||
| 082 |
_a618.178059 _bR15 |
||
| 100 |
_aRaez, Luis E. _eAUT |
||
| 245 | 0 |
_aRiesgo y problemas de la fecundación in vitro: _bdesde la clonación hasta la destrucción de embriones humanos |
|
| 260 | _c2006 | ||
| 300 |
_a43 páginas : _c17 cm. |
||
| 650 | _aGEN | ||
| 654 | _aCPS | ||
| 942 |
_cLIB _dJUS _fJUS _2ddc _n |
||
| 999 |
_c2617 _d2617 |
||